000 00554nam a22001697a 4500
999 _c61091
_d61091
005 20231219103908.0
008 231219s1963 ru ||||| |||| 00| 0 rus d
041 _arus
080 _a631.1 B-18
100 _aВаррон
_920776
245 _aСельское хозяйство /
_c Варрон.
264 _aМ.-Л.:
_bИздательство Академии Наук СССР,
_c1963.
300 _a220 с. :
_bил.;
_c22 см.
653 _aსოფლის მეურნეობა
653 _aისტორია
942 _2udc
_cBK